Cities and landscapes of Austria by image - Statistics

General Stats
  • This quiz has been taken 9 times
  • The average score is 5 of 7
Answer Stats
Picture Answer % Correct
Salzburg
100%
Vienna/Wien
100%
Graz
86%
Innsbruck
86%
Linz
86%
Grossglockner
43%
Wachau
0%
No matching quizzes found
Score Distribution
Percent of People with Each Score
Percentile by Number Answered
Your Score History
You have not taken this quiz